000 00817nam a22002177a 4500
999 _c63862
_d63862
005 20240530110702.0
008 171225s2015 ua a f b 000 0dara d
017 _a2015/14618
_bمصر. دار الكتب
020 _a9789779104126
040 _aEG-CaGPL
_cEG-CaGPL
082 0 4 _221
_a398.2
_bق/أ ح
100 0 _aاحمد توفيق
245 1 0 _aحكايات الجنوب :
_bموروث الحكى الشعبى فى اسيوط /
_cاحمد توفيق .
_nالجزء الاول
250 _aط.1
260 _aالقاهرة :
_bالهيئة المصرية العامة للكتاب ،
_c2015 .
300 _a766 ص. ؛
_c24 سم.
650 0 7 _2qrmak
_aالفولكولور المصرى
650 0 7 _2qrmak
_aالادب الشعبى
942 _2ddc
_cBK